000 00448nam a2200181Ia 4500
001 8697
005 20260306160629.0
008 260306t2006||||xx |||||||||||||| ||spa||
041 _aESP
082 _a371.3
_bF83
100 _aFreinet, Elise
_eAUT
245 0 _aPedagogía Freinet :
_blos equipos pedagógicos como método
260 _c2006
300 _a185 páginas :
_c23 cm.
650 _aGEN
654 _aCED
942 _cLIB
_dJUS
_fJUS
_2ddc
_n
999 _c8697
_d8697